|
|
|
|
| LEADER |
00000nam a22000007a 4500 |
| 005 |
20210309224919.0 |
| 007 |
cr|||| |||| |
| 008 |
210309s2017 us |||||s|||| 00||0 eng d |
| 020 |
|
|
|a 978-1-119-47381-7
|
| 035 |
|
|
|a 32455
|
| 040 |
|
|
|a vLex
|
| 090 |
|
|
|c 11340
|d 11340
|
| 100 |
1 |
|
|a Lallement, Rm̌i
|
| 245 |
1 |
0 |
|a Intellectual Property and Innovation Protection
|h [Recurso electrn̤ico] :
|b New Practices and New Policy Issues /
|c Rm̌i Lallement
|
| 256 |
|
|
|a Servicio en ln̕ea
|
| 260 |
|
|
|a Hoboken:
|b Wiley,
|c 2017
|
| 300 |
|
|
|a 1 recurso electrn̤ico
|
| 500 |
|
|
|a This book analyses the various ways in which intellectual property (IP) operates in relation to innovation activity. It reflects on the “classical” issues of the IP system related to the necessity of protecting risky and often costly investments undertaken by firms and others players involved in the innovation process. Beyond this, it stresses the numerous challenges addressed by contemporary technological and societal change, especially in a world where the digital revolution is rapidly transforming the way in which innovation is organized. In this context, the new corporate IP and innovation practices call for responses on the part of public policies.
|
| 506 |
1 |
|
|a Disponible solo en los productos indicados
|d vLex Global
|d vLex Global (Academic Edition, excluding Law Schools)
|d vLex Global (Academic Edition, Law Schools)
|
| 650 |
0 |
4 |
|a Propiedad Intelectual
|z Estados Unidos
|
| 740 |
0 |
|
|a vLex Libros (Servicio en ln̕ea)
|
| 856 |
4 |
0 |
|u http://vlex.com/source/intellectual-property-and-innovation-protection-new-practices-and-new-policy-issues-32455
|z Acceso restringido
|
| 942 |
|
|
|c BOOK
|
| 999 |
0 |
|
|a Intellectual property
|